000 00930nam a2200289 i 4500
003 DO-SdBNP
005 20251002141249.0
007 ta
008 240821s2024 dr 000 0 spa d
020 _a9789945806670
040 _aDO-SdBNP
_bspa
_cBNPHU
_erda
041 _aspa
082 4 _axxx
_bM425h
_222
100 1 _aMateo, Pablo,
_d1966-
_eautor
_4aut.
_986373
245 1 3 _aEl hombre y su próstata /
_cPablo Mateo ; prólogo, Humberto Villavicencio
250 _aPrimera edición
264 1 _aSanto Domingo :
_bEditora Búho,
_c2024.
300 _a118 páginas ;
_c23 cm.
336 _atexto
_btxt
_2rdacontent
337 _asin mediación
_bn
_2rdamedia
338 _avolumen
_bnc
_2rdacarrier
500 _aIncluye datos biográficos del autor en la contracubierta.
590 _aInventariado, 2024/ YL
700 1 _aVillavicencio, Humberto,
_eprologuista
_4pr.
_988653
910 _aYLockward
942 _2ddc
_cLBS1
999 _c57512
_d57512